000
00271nam a2200109Ia 4500
008
200302s9999 xx 000 0 und d
100
_a
Sian Moxon
245
_a
Sustainability in interior design
260
_b
Laurence King Publishing Ltd.,
260
_c
2012
300
_a
192
999
_c
6287
_d
6287